| 000 | 00460nam a22001697a 4500 | ||
|---|---|---|---|
| 008 | 220112b |||||||| |||| 00| 0 eng d | ||
| 020 | _a9620009673 | ||
| 082 | _a657/Sh59l | ||
| 100 | _aSheung, Tam Cheung Kai | ||
| 245 | _aLCCI tird level accounting exam practice. | ||
| 260 |
_aHongKong: _bLongman Hong Kong Education, _c1996. |
||
| 300 | _a594p.; illus. | ||
| 650 | _aAccounting | ||
| 650 |
_aBudgets _911837 |
||
| 650 | _aCapital | ||
| 942 |
_2ddc _cGEN |
||
| 999 |
_c102921 _d102909 |
||